<?xml version="1.0" encoding="UTF-8"?>
<collection xmlns="http://www.loc.gov/MARC21/slim">
 <record>
  <leader>00500nam a22001575a 4500</leader>
  <controlfield tag="001">EHU.bham008099</controlfield>
  <controlfield tag="003">AR-BHAM</controlfield>
  <controlfield tag="005">20100104141408.0</controlfield>
  <controlfield tag="008">130507s1987##################000#0#####d</controlfield>
  <datafield tag="082" ind1="8" ind2="1">
   <subfield code="a">813.509</subfield>
  </datafield>
  <datafield tag="100" ind1="1" ind2=" ">
   <subfield code="a">Karl, Frederick R.</subfield>
  </datafield>
  <datafield tag="245" ind1="1" ind2="0">
   <subfield code="a">Narrativa norteamericana (1940/1980). tomo 2 /</subfield>
   <subfield code="c">Frederick R. Karl.</subfield>
  </datafield>
  <datafield tag="260" ind1=" " ind2=" ">
   <subfield code="a">Buenos Aires :</subfield>
   <subfield code="b">Tres Tiempos,</subfield>
   <subfield code="c">1987</subfield>
  </datafield>
  <datafield tag="490" ind1="0" ind2=" ">
   <subfield code="a">Ensayos, 43</subfield>
  </datafield>
  <datafield tag="653" ind1=" " ind2=" ">
   <subfield code="a">Novela eeuu-1901-</subfield>
  </datafield>
  <datafield tag="859" ind1=" " ind2=" ">
   <subfield code="a">AR-BHAM</subfield>
   <subfield code="b">BIB. HUMANIDADES - General</subfield>
   <subfield code="h">813.509</subfield>
   <subfield code="i">K146</subfield>
   <subfield code="p">149.90</subfield>
   <subfield code="t">Ej.1</subfield>
   <subfield code="v">II</subfield>
   <subfield code="3">II</subfield>
  </datafield>
 </record>
</collection>
